<?xml version="1.0" encoding="UTF-8"?>
<collection xmlns:xsi="http://www.w3.org/2001/XMLSchema-instance" xsi:schemaLocation="http://www.loc.gov/MARC21/slim http://www.loc.gov/standards/marcxml/schema/MARC21slim.xsd" xmlns="http://www.loc.gov/MARC21/slim">
 <record>
  <leader>00000ctm a22000003a 4500</leader>
  <controlfield tag="001">UP-99796217612104688</controlfield>
  <controlfield tag="003">Buklod</controlfield>
  <controlfield tag="005">20160607110120.0</controlfield>
  <controlfield tag="006">m    |o  d |      </controlfield>
  <controlfield tag="007">ta</controlfield>
  <controlfield tag="008">160607s2015    xx     d     r    |||| u|</controlfield>
  <datafield tag="035" ind1=" " ind2=" ">
   <subfield code="a">(iLib)UPD-00255306514</subfield>
  </datafield>
  <datafield tag="040" ind1=" " ind2=" ">
   <subfield code="a">DARC</subfield>
   <subfield code="e">rda</subfield>
  </datafield>
  <datafield tag="041" ind1="0" ind2=" ">
   <subfield code="a">eng</subfield>
  </datafield>
  <datafield tag="090" ind1=" " ind2=" ">
   <subfield code="a">LG 993.5 2015 A7</subfield>
   <subfield code="b">D666</subfield>
  </datafield>
  <datafield tag="100" ind1="1" ind2=" ">
   <subfield code="a">Donor, Danilo Jr. O.</subfield>
   <subfield code="e">author.</subfield>
  </datafield>
  <datafield tag="245" ind1="1" ind2="0">
   <subfield code="a">Taghuan</subfield>
   <subfield code="b">a waterfront development in Coron, Palawan</subfield>
   <subfield code="c">by Danilo O. Donor, Jr. ; Michael V. Tomeldan, adviser.</subfield>
  </datafield>
  <datafield tag="264" ind1=" " ind2="0">
   <subfield code="a">Quezon City</subfield>
   <subfield code="b">College of Architecture, University of the Philippines Diliman</subfield>
   <subfield code="c">May 2015.</subfield>
  </datafield>
  <datafield tag="300" ind1=" " ind2=" ">
   <subfield code="a">ix, 89 leaves, 38 unnumbered folded leaves of plates</subfield>
   <subfield code="b">illustrations (some color)</subfield>
   <subfield code="c">28 cm +</subfield>
   <subfield code="e">CD-ROM (4 3/4 in.)</subfield>
  </datafield>
  <datafield tag="336" ind1=" " ind2=" ">
   <subfield code="a">text</subfield>
   <subfield code="2">rdacontent</subfield>
  </datafield>
  <datafield tag="337" ind1=" " ind2=" ">
   <subfield code="a">unmediated</subfield>
   <subfield code="2">rdamedia</subfield>
  </datafield>
  <datafield tag="338" ind1=" " ind2=" ">
   <subfield code="a">volume</subfield>
   <subfield code="2">rdacarrier</subfield>
  </datafield>
  <datafield tag="502" ind1=" " ind2=" ">
   <subfield code="a">Thesis (Bachelor of Science in Architecture) -- University of the Philippines Diliman</subfield>
   <subfield code="d">May 2015.</subfield>
  </datafield>
  <datafield tag="520" ind1="3" ind2=" ">
   <subfield code="a">Coron is one of the four municipalities in Calamian Group of Islands located in the northernmost part of Palawan and it is known for a lot of natural attractions.  Among these are the stunning limestone rock formations, clean lakes, hot springs, hills, mountains, beaches, caves, mangrove forest, among other things.  Adding to these natural wonders are the WW II shipwrecks that became popular as diving spots.  Because of these, the municipal's economy has been shifting from agricultural to a service-based economy in order to accommodate the influx of tourists.  Despite having a lot of tourism opportunities that can help their island-town in becoming their envisioned world-class tourist destination, the municipality faces a lot of issues that deter their economic progress such as decentralized tourism services, poor infrastructure, environmental degradation, natural calamity hazards, insufficient carrying capacity and many more.  This thesis project proposes a waterfront development for Coron, Palawan to address the issues by improving its capability to accommodate the increasing number of tourists; providing additional attraction that would also help decongest and distribute the traffic of tourist arrivals; and establish a common venue for the tourists and the Tagbanua ancestral community with minimal impact to their culture and ancestral domains.  Its design integrated the idea of Critical Regionalism in Which modern architecture gives emphasis to the geographical and cultural values of the place.  Coron's identity is considered as the source for the design motifs that are translated into functional architectural components.</subfield>
  </datafield>
  <datafield tag="700" ind1="1" ind2=" ">
   <subfield code="a">Tomeldan, Michael V.</subfield>
   <subfield code="e">thesis adviser.</subfield>
  </datafield>
  <datafield tag="905" ind1=" " ind2=" ">
   <subfield code="a">FI</subfield>
  </datafield>
  <datafield tag="852" ind1="0" ind2=" ">
   <subfield code="a">UPD</subfield>
   <subfield code="b">DARC</subfield>
   <subfield code="h">LG 993.5 2015 A7</subfield>
   <subfield code="i">D666</subfield>
  </datafield>
  <datafield tag="942" ind1=" " ind2=" ">
   <subfield code="a">Thesis</subfield>
  </datafield>
 </record>
</collection>
